[Event "V Memorial Alvise Zichichi"]
[Site "Ladispoli ITA"]
[Date "2008.05.03"]
[Round "5"]
[White "Leonardo, Corrado"]
[Black "Iacoacci, Giancarlo"]
[Result "0-1"]
[WhiteElo "1404"]
[BlackElo "1767"]
[PlyCount "64"]
[EventDate "2008.05.01"]

1. d4 d5 2. c4 e6 3. Bf4 Nf6 4. Nf3 c6 5. e3 Qa5+ 6. Nbd2 Ne4 7. Bd3 Nxd2 8.
Nxd2 dxc4 9. Bxc4 Be7 10. O-O O-O 11. Qg4 e5 12. Qg3 exf4 13. exf4 Qxd2 14. b3
Qb4 15. Rfe1 Bf5 16. Re5 g6 17. Rxf5 Nd7 18. Rh5 Nf6 19. Rh6 Rfe8 20. f5 Bf8
21. Rh4 Re1+ 22. Rxe1 Qxe1+ 23. Bf1 Bg7 24. fxg6 hxg6 25. Qc7 Ne4 26. Rf4 Rf8
27. h3 Nd2 28. Qa5 Qxf1+ 29. Kh2 Qc1 30. Rh4 Nf1+ 31. Kg1 Ng3+ 32. Kh2 Ne2 0-1

[Event "V Memorial Alvise Zichichi"]
[Site "Ladispoli ITA"]
[Date "2008.05.03"]
[Round "5"]
[White "Maggi, Fabrizio"]
[Black "Urzi', Silvio"]
[Result "1-0"]
[WhiteElo "2003"]
[BlackElo "1788"]
[PlyCount "29"]
[EventDate "2008.05.01"]

1. e4 e6 2. d4 c5 3. c3 cxd4 4. cxd4 Bb4+ 5. Nc3 Ne7 6. Nf3 O-O 7. Bd3 Nbc6 8.
a3 Bxc3+ 9. bxc3 Qc7 10. O-O Ng6 11. e5 Nce7 12. a4 Qxc3 13. Ra3 Qb4 14. h4 Nf4
15. Rb3 1-0

[Event "V Memorial Alvise Zichichi"]
[Site "Ladispoli ITA"]
[Date "2008.05.03"]
[Round "5"]
[White "Mariani, Francesca"]
[Black "Colantonio, Marco"]
[Result "0-1"]
[WhiteElo "1266"]
[BlackElo "1731"]
[PlyCount "66"]
[EventDate "2008.05.01"]

1. e4 d6 2. d4 Nf6 3. Nc3 g6 4. f3 Bg7 5. Be3 Nbd7 6. g4 O-O 7. Qd2 e5 8. Bh6
Nxe4 9. Nxe4 Qh4+ 10. Qf2 Qxf2+ 11. Nxf2 Bxh6 12. dxe5 Re8 13. h4 Nxe5 14. Be2
Be3 15. Ngh3 Bd7 16. Ne4 Kg7 17. h5 Nxg4 18. Bd3 Ne5 19. Ke2 Bb6 20. Nf4 Nxd3
21. h6+ Kh8 22. Kxd3 f5 23. Nf6 Re3+ 24. Kd2 Bc6 25. Rae1 Re5 26. Rhf1 Rf8 27.
Rxe5 dxe5 28. N4d5 Rd8 29. c4 Bxd5 30. cxd5 c6 31. Kc2 cxd5 32. Re1 e4 33. Kb1
Bd4 0-1

[Event "V Memorial Alvise Zichichi"]
[Site "Ladispoli ITA"]
[Date "2008.05.03"]
[Round "5"]
[White "Marta, Daniele"]
[Black "Carnicelli, Valerio"]
[Result "1-0"]
[WhiteElo "2028"]
[BlackElo "1521"]
[PlyCount "41"]
[EventDate "2008.05.01"]

1. Nf3 d5 2. g3 e6 3. Bg2 Nf6 4. O-O Nbd7 5. d3 Be7 6. Nbd2 O-O 7. e4 b6 8. Re1
Bb7 9. e5 Ne8 10. h4 c5 11. c3 Nc7 12. d4 Rc8 13. Nf1 h6 14. N1h2 a5 15. Ng4 b5
16. Nxh6+ gxh6 17. Bxh6 Re8 18. Ng5 Nf8 19. Qg4 Ng6 20. h5 cxd4 21. Nxf7 1-0

[Event "V Memorial Alvise Zichichi"]
[Site "Ladispoli ITA"]
[Date "2008.05.03"]
[Round "5"]
[White "Melega, Michele"]
[Black "Bruno, Antonino"]
[Result "1-0"]
[WhiteElo "1428"]
[BlackElo "1551"]
[PlyCount "73"]
[EventDate "2008.05.01"]

1. e4 e5 2. f4 d5 3. exd5 Nf6 4. Nf3 Nxd5 5. Bc4 exf4 6. Qe2+ Be6 7. O-O Be7 8.
b3 O-O 9. Bb2 Re8 10. Nc3 Nxc3 11. Bxc3 Bxc4 12. Qxc4 Nc6 13. Qxf4 Rf8 14. Rae1
Qd6 15. Ne5 Bf6 16. Nxc6 Qxc6 17. Bxf6 gxf6 18. Rf3 Kh8 19. Qh6 Rg8 20. Qxf6+
Qxf6 21. Rxf6 Kg7 22. Ref1 Rgf8 23. R6f4 Rae8 24. Kf2 Re7 25. Re1 Rfe8 26. Rxe7
Rxe7 27. d4 c6 28. g4 f6 29. h4 h6 30. Kf3 Re1 31. Re4 Rc1 32. Re7+ Kg8 33.
Rxb7 Rxc2 34. Rxa7 Rc3+ 35. Kf4 Rd3 36. Rd7 c5 37. d5 1-0

[Event "V Memorial Alvise Zichichi"]
[Site "Ladispoli ITA"]
[Date "2008.05.03"]
[Round "5"]
[White "Migliozzi, Giuseppe"]
[Black "Gasperoni, Claudio"]
[Result "0-1"]
[WhiteElo "1407"]
[BlackElo "1845"]
[PlyCount "91"]
[EventDate "2008.05.01"]

1. Nf3 d5 2. b3 Bg4 3. Bb2 e6 4. e3 Nf6 5. c4 c6 6. Nc3 Nbd7 7. h3 Bh5 8. Be2
Bd6 9. O-O O-O 10. d4 Rc8 11. Bd3 Bb8 12. g4 Bg6 13. Bxg6 hxg6 14. Qc2 e5 15.
dxe5 Nxe5 16. Nxe5 Bxe5 17. Rad1 Qe7 18. f4 Bd6 19. Rd3 Bc5 20. Nd1 Ne4 21. Rf3
Qh4 22. Kg2 Rfe8 23. g5 Bb6 24. Nf2 Nxf2 25. Qxf2 Qxf2+ 26. Kxf2 dxc4 27. bxc4
Rcd8 28. Bd4 c5 29. a4 cxd4 30. exd4 Rxd4 31. Rxd4 Bxd4+ 32. Kg3 Re3 33. Rxe3
Bxe3 34. Kf3 Bc1 35. Ke4 Kf8 36. f5 gxf5+ 37. Kxf5 g6+ 38. Ke5 Ke7 39. h4 Bd2
40. Kd5 Kd7 41. Kc5 Be1 42. Kb5 Bxh4 43. a5 Bxg5 44. c5 Kc7 45. a6 bxa6+ 46.
Kxa6 0-1

[Event "V Memorial Alvise Zichichi"]
[Site "Ladispoli ITA"]
[Date "2008.05.03"]
[Round "5"]
[White "Palermo, Stefano"]
[Black "Quimi, Marco"]
[Result "1-0"]
[WhiteElo "2079"]
[BlackElo "2253"]
[PlyCount "71"]
[EventDate "2008.05.01"]

1. e4 c5 2. Nf3 d6 3. d4 cxd4 4. Nxd4 Nf6 5. Nc3 g6 6. Be3 Bg7 7. f3 O-O 8. Bc4
Nc6 9. Bb3 Bd7 10. Qd2 Rc8 11. O-O-O Ne5 12. g4 Qa5 13. Kb1 Rfd8 14. h4 Rxc3
15. Qxc3 Qxc3 16. bxc3 Rc8 17. Kb2 h5 18. gxh5 Nxh5 19. Rhg1 a5 20. a4 Kf8 21.
Rdf1 Bxa4 22. f4 Nc4+ 23. Bxc4 Rxc4 24. f5 gxf5 25. Rxf5 Nf6 26. h5 e6 27. h6
Bh8 28. Rxf6 Bxf6 29. h7 Ke8 30. Bh6 Rc5 31. Bg7 Rh5 32. h8=Q+ Rxh8 33. Bxh8
Bh4 34. Rg8+ Kd7 35. Ka3 b5 36. c4 1-0

[Event "V Memorial Alvise Zichichi"]
[Site "Ladispoli ITA"]
[Date "2008.05.03"]
[Round "5"]
[White "Piscitelli, Vito"]
[Black "Lattanzi, Domenico"]
[Result "1/2-1/2"]
[WhiteElo "1967"]
[BlackElo "1740"]
[PlyCount "50"]
[EventDate "2008.05.01"]

1. e4 c5 2. Nf3 d6 3. d4 cxd4 4. Qxd4 Nc6 5. Bb5 Qa5+ 6. Nc3 Bd7 7. Bxc6 Bxc6
8. Bg5 Qc5 9. Qxc5 dxc5 10. O-O-O h6 11. Be3 e6 12. Ne5 Rc8 13. Nxc6 Rxc6 14.
e5 f6 15. exf6 Nxf6 16. f3 Be7 17. Rd2 O-O 18. Rhd1 a6 19. Kb1 b5 20. b3 c4 21.
Ne2 Rfc8 22. Nd4 Rc5 23. Ne2 R5c6 24. Nd4 Rc5 25. Ne2 R5c6 1/2-1/2

[Event "V Memorial Alvise Zichichi"]
[Site "Ladispoli ITA"]
[Date "2008.05.03"]
[Round "5"]
[White "Placchetta, Omero"]
[Black "Masciolini, Giovanni"]
[Result "0-1"]
[WhiteElo "1622"]
[BlackElo "1685"]
[PlyCount "108"]
[EventDate "2008.05.01"]

1. e4 d6 2. d4 Nf6 3. Nc3 g6 4. Nf3 Bg7 5. Bg5 c6 6. Be2 b5 7. Bxf6 exf6 8. O-O
O-O 9. h3 f5 10. e5 dxe5 11. Nxe5 Qc7 12. Nf3 Be6 13. Nb1 c5 14. c3 Rd8 15. Na3
a6 16. Nc2 Nc6 17. Qc1 cxd4 18. Nfxd4 Nxd4 19. Nxd4 Bxd4 20. cxd4 Qxc1 21.
Rfxc1 Rxd4 22. Rd1 Rad8 23. b3 f4 24. Bf3 g5 25. Rxd4 Rxd4 26. Rd1 Rxd1+ 27.
Bxd1 b4 28. Kf1 Bf5 29. Ke2 Kg7 30. Kd2 Kf6 31. Be2 a5 32. Bd3 f3 33. g4 Bxd3
34. Kxd3 Ke5 35. Ke3 h6 36. Kd3 Kf4 37. Kd4 f5 38. gxf5 Kxf5 39. Ke3 Ke5 40.
Kxf3 Kd4 41. Kg4 Kc3 42. h4 Kb2 43. hxg5 hxg5 44. Kxg5 Kxa2 45. f4 a4 46. bxa4
b3 47. f5 b2 48. a5 b1=Q 49. a6 Qg1+ 50. Kf6 Qb6+ 51. Ke7 Qa7+ 52. Kf6 Qxa6+
53. Kg5 Qc8 54. f6 Qf8 0-1

[Event "V Memorial Alvise Zichichi"]
[Site "Ladispoli ITA"]
[Date "2008.05.03"]
[Round "5"]
[White "Trebeschi, Andrea"]
[Black "Maggi, Luigi"]
[Result "1-0"]
[WhiteElo "2068"]
[BlackElo "1874"]
[PlyCount "53"]
[EventDate "2008.05.01"]

1. e4 e6 2. d3 d5 3. Nd2 c5 4. g3 Nc6 5. Ngf3 Bd6 6. Bg2 Nge7 7. O-O O-O 8. c3
d4 9. cxd4 cxd4 10. Nc4 e5 11. Nxd6 Qxd6 12. Nh4 f6 13. f4 Be6 14. f5 Bf7 15.
Nf3 Nb4 16. a3 Qa6 17. Ne1 Rac8 18. g4 Nbc6 19. Bd2 Qb6 20. b4 a5 21. Rb1 axb4
22. axb4 Qb5 23. g5 Ra8 24. gxf6 gxf6 25. Qg4+ Kh8 26. Bh6 Rg8 27. Qh4 1-0

[Event "V Memorial Alvise Zichichi"]
[Site "Ladispoli ITA"]
[Date "2008.05.03"]
[Round "6"]
[White "Caprio, Guido"]
[Black "Palermo, Stefano"]
[Result "1-0"]
[WhiteElo "2140"]
[BlackElo "2079"]
[PlyCount "57"]
[EventDate "2008.05.01"]

1. e4 c5 2. Nf3 d6 3. d4 cxd4 4. Nxd4 Nf6 5. Nc3 a6 6. Bc4 e6 7. Bb3 b5 8. Bg5
Bb7 9. O-O Nc6 10. a4 b4 11. Nxc6 Bxc6 12. Nd5 Be7 13. Nxe7 Qxe7 14. Qd4 Qb7
15. Bxf6 gxf6 16. Bxe6 fxe6 17. Qxf6 Rf8 18. Qxe6+ Qe7 19. Qc4 Qb7 20. Rad1
O-O-O 21. Rd3 Kb8 22. Rfd1 Bxe4 23. Rxd6 Rxd6 24. Rxd6 Rc8 25. Qd4 Rxc2 26. f3
Rc6 27. fxe4 Rc1+ 28. Kf2 Qf7+ 29. Kg3 1-0

[Event "V Memorial Alvise Zichichi"]
[Site "Ladispoli ITA"]
[Date "2008.05.03"]
[Round "6"]
[White "Carnicelli, Valerio"]
[Black "Melega, Michele"]
[Result "0-1"]
[WhiteElo "1521"]
[BlackElo "1428"]
[PlyCount "40"]
[EventDate "2008.05.01"]

1. e4 c5 2. Nf3 d6 3. d4 cxd4 4. Nxd4 Nf6 5. Nc3 a6 6. Be3 e6 7. Bc4 b5 8. Bd3
Be7 9. Qe2 O-O 10. O-O Bb7 11. f4 Nbd7 12. b4 Rc8 13. Qd2 Qc7 14. Nde2 Ng4 15.
h3 Nxe3 16. Qxe3 Bf6 17. e5 dxe5 18. Be4 exf4 19. Rxf4 Bxe4 20. Nxe4 Bxa1 0-1

[Event "V Memorial Alvise Zichichi"]
[Site "Ladispoli ITA"]
[Date "2008.05.03"]
[Round "6"]
[White "Colantonio, Marco"]
[Black "Sarti, Emanuele"]
[Result "1-0"]
[WhiteElo "1731"]
[BlackElo "1419"]
[PlyCount "63"]
[EventDate "2008.05.01"]

1. e4 d5 2. exd5 Nf6 3. Nf3 Nxd5 4. Bc4 Bg4 5. h3 Bh5 6. g4 Bg6 7. d3 e6 8. Qe2
Be7 9. Bd2 c6 10. Nc3 O-O 11. O-O-O Nxc3 12. Bxc3 b5 13. Bb3 a5 14. g5 a4 15.
Qe5 f6 16. Bxe6+ Kh8 17. gxf6 Bxf6 18. Qc5 Bxc3 19. Qxc3 Rxf3 20. h4 Qf6 21.
Qc5 Qxe6 22. Rde1 Qxa2 23. h5 Bf7 24. Qf8+ Bg8 25. Qxf3 Qa1+ 26. Kd2 Qxb2 27.
Re8 b4 28. Qf7 Qc3+ 29. Kd1 Qa1+ 30. Ke2 Qe5+ 31. Kf1 Qd5 32. Rxg8# 1-0

[Event "V Memorial Alvise Zichichi"]
[Site "Ladispoli ITA"]
[Date "2008.05.03"]
[Round "6"]
[White "Gasperoni, Claudio"]
[Black "Elia, Alessio"]
[Result "0-1"]
[WhiteElo "1845"]
[BlackElo "1860"]
[PlyCount "129"]
[EventDate "2008.05.01"]

1. d4 d6 2. c4 g6 3. Nc3 Bg7 4. Nf3 Nc6 5. e4 e5 6. d5 Nce7 7. Bg5 h6 8. Be3 f5
9. Be2 Nf6 10. Bd3 O-O 11. Qc1 Kh7 12. b4 f4 13. Bd2 Nd7 14. Qc2 a5 15. Nb5
axb4 16. Bxb4 b6 17. Nd2 g5 18. Be2 Nf6 19. h3 h5 20. Qd3 Bh6 21. a3 Ng6 22.
Kd1 g4 23. hxg4 hxg4 24. Kc2 Kg7 25. f3 g3 26. Nb1 Bg5 27. N1c3 Rh8 28. Rxh8
Nxh8 29. Rh1 Ng6 30. Qd1 Ba6 31. Qf1 Qd7 32. Kb3 Rh8 33. Rxh8 Nxh8 34. Qh1 Ng6
35. Na7 c5 36. Bxc5 bxc5 37. Nab5 Nh4 38. Bf1 Qb7 39. Qh3 Qd7 40. Qxd7+ Nxd7
41. Nxd6 Nb6 42. Na4 Nxa4 43. Kxa4 Be7 44. Nf5+ Nxf5 45. exf5 Bd8 46. Kb3 Kf6
47. Bd3 Bc8 48. Kc2 Bd7 49. Be4 Ba5 50. Kd3 Ba4 51. Ke2 Bb3 52. Kd3 Ba2 53. d6
Bb3 54. Bb7 Kxf5 55. Bc8+ Kf6 56. Bg4 Ba2 57. Bh3 Bb1+ 58. Ke2 Bc2 59. Bg4 Bf5
60. Bh5 Ke6 61. Be8 Kxd6 62. a4 Bc3 63. Bb5 Bd4 64. Be8 Bh3 65. Kf1 0-1

[Event "V Memorial Alvise Zichichi"]
[Site "Ladispoli ITA"]
[Date "2008.05.03"]
[Round "6"]
[White "Iacoacci, Giancarlo"]
[Black "Piscitelli, Vito"]
[Result "0-1"]
[WhiteElo "1767"]
[BlackElo "1967"]
[PlyCount "110"]
[EventDate "2008.05.01"]

1. d4 Nf6 2. Nf3 g6 3. Nc3 Bg7 4. e4 d6 5. Be3 O-O 6. Qd2 Nbd7 7. Bh6 e5 8.
Bxg7 Kxg7 9. O-O-O Qe7 10. Qg5 Re8 11. d5 Nc5 12. Bd3 Nh5 13. Qxe7 Rxe7 14. Nd2
Nxd3+ 15. cxd3 Nf4 16. Rdf1 Nxd3+ 17. Kc2 Nc5 18. h3 f5 19. f3 Bd7 20. Rf2 Rf8
21. Rhf1 Ref7 22. b3 fxe4 23. Ndxe4 Bf5 24. Re1 Bxe4+ 25. Nxe4 Nxe4 26. Rxe4
Rf4 27. Rfe2 Rxe4 28. Rxe4 Rf4 29. Kc3 Rxe4 30. fxe4 Kf6 31. Kd3 Kg5 32. g3 Kf6
33. Kc4 Kg5 34. Kd3 h5 35. Ke3 h4 36. g4 Kf6 37. Kf3 g5 38. Ke3 Ke7 39. Kd3 Kd7
40. Kc4 c6 41. a4 Kc7 42. b4 Kb6 43. dxc6 bxc6 44. b5 cxb5+ 45. axb5 Ka5 46.
Kd5 Kxb5 47. Kxd6 a5 48. Kxe5 a4 49. Kf6 a3 50. e5 a2 51. e6 a1=Q+ 52. Kf7 Qf1+
53. Ke8 Qf6 54. e7 Kc6 55. Kd8 Kd6 0-1

[Event "V Memorial Alvise Zichichi"]
[Site "Ladispoli ITA"]
[Date "2008.05.03"]
[Round "6"]
[White "Lattanzi, Domenico"]
[Black "Dragojlovic, Andjelko"]
[Result "0-1"]
[WhiteElo "1740"]
[BlackElo "2409"]
[PlyCount "62"]
[EventDate "2008.05.01"]

1. e4 c5 2. Nf3 g6 3. d4 cxd4 4. Nxd4 Nc6 5. Nc3 Bg7 6. Be3 Nf6 7. Be2 O-O 8.
Qd2 d5 9. exd5 Nxd5 10. Nxc6 bxc6 11. Nxd5 cxd5 12. O-O-O Rb8 13. Bd4 e5 14.
Bc5 Be6 15. Bxf8 Qxf8 16. Qa5 e4 17. c3 Qc8 18. Ba6 Qc6 19. Kc2 d4 20. Kd2
Rxb2+ 21. Ke1 d3 22. Kf1 Rxa2 23. Qd8+ Bf8 24. Bxd3 exd3 25. h4 Qxc3 26. Kg1
Qc2 27. Rf1 h5 28. Kh2 Kg7 29. Rhg1 d2 30. Rb1 Qc5 31. Rb8 Bd6+ 0-1

[Event "V Memorial Alvise Zichichi"]
[Site "Ladispoli ITA"]
[Date "2008.05.03"]
[Round "6"]
[White "Leonetti, Pietro"]
[Black "Attanasi, Salvatore"]
[Result "1-0"]
[WhiteElo "1575"]
[BlackElo "1802"]
[PlyCount "79"]
[EventDate "2008.05.01"]

1. e4 e6 2. d3 d5 3. Nd2 c5 4. Ngf3 Nc6 5. g3 Nf6 6. Bg2 Be7 7. O-O O-O 8. a3
b5 9. Re1 d4 10. e5 Nd5 11. Ne4 Bb7 12. Bd2 Qc7 13. Neg5 Rfd8 14. h4 c4 15. Qe2
c3 16. bxc3 dxc3 17. Bc1 a5 18. Qe4 g6 19. h5 Qd7 20. hxg6 fxg6 21. Bh3 Nc7 22.
Qh4 h5 23. g4 Nd4 24. Nxd4 Qxd4 25. Re4 Bxe4 26. dxe4 Qxe5 27. Be3 Bxg5 28.
Bxg5 Rd7 29. gxh5 gxh5 30. Bf6 Rg7+ 31. Bxg7 Qxg7+ 32. Kh1 Qf7 33. Rg1+ Kh7 34.
Rg5 Qf3+ 35. Bg2 Qd1+ 36. Kh2 Kh6 37. Qf4 Rf8 38. Rf5+ Kh7 39. Rxf8 Qg4 40.
Qxc7+ 1-0

[Event "V Memorial Alvise Zichichi"]
[Site "Ladispoli ITA"]
[Date "2008.05.03"]
[Round "6"]
[White "Maddaloni, Giovanni"]
[Black "Musmarra, Giovanni"]
[Result "1-0"]
[WhiteElo "1809"]
[BlackElo "1744"]
[PlyCount "51"]
[EventDate "2008.05.01"]

1. e4 e5 2. Nf3 d6 3. Be2 Nf6 4. Nc3 Be7 5. O-O Nc6 6. d4 exd4 7. Nxd4 O-O 8.
Re1 Nxd4 9. Qxd4 Be6 10. b3 c6 11. Bb2 Qb6 12. Qd3 d5 13. exd5 Nxd5 14. Nxd5
Bxd5 15. Qg3 f6 16. Bc4 Bc5 17. Bxd5+ cxd5 18. Re2 Bd4 19. Bxd4 Qxd4 20. Rae1
g6 21. h4 Rac8 22. h5 Rc3 23. Qd6 gxh5 24. Re7 Rxc2 25. R1e3 Qd2 26. Qg3+ 1-0

[Event "V Memorial Alvise Zichichi"]
[Site "Ladispoli ITA"]
[Date "2008.05.03"]
[Round "6"]
[White "Maggi, Luigi"]
[Black "Urzi', Silvio"]
[Result "1/2-1/2"]
[WhiteElo "1874"]
[BlackElo "1788"]
[PlyCount "83"]
[EventDate "2008.05.01"]

1. e4 e6 2. d4 d5 3. Nc3 dxe4 4. Nxe4 Bd7 5. Bd3 Bc6 6. Nf3 Nd7 7. O-O Ngf6 8.
Ng3 Bd6 9. Re1 Bxg3 10. hxg3 Qe7 11. c3 h6 12. b4 Nd5 13. Bd2 a6 14. a4 N7f6
15. b5 Bd7 16. Ne5 axb5 17. axb5 O-O 18. Qb3 Rxa1 19. Rxa1 Nb6 20. Ra7 Ra8 21.
Rxa8+ Nxa8 22. c4 Qd6 23. Be3 c5 24. Nxd7 Nxd7 25. dxc5 Nxc5 26. Qa3 Qxd3 27.
Qxc5 Nb6 28. Kh2 Nxc4 29. Qc8+ Kh7 30. Qxb7 Nd6 31. Qd7 Qd5 32. g4 Nxb5 33.
Qxf7 Nd6 34. Qf3 Qxf3 35. gxf3 g5 36. Bd4 Nc4 37. Kg3 e5 38. Bc3 Kg6 39. Bb4
Kf7 40. Kg2 Kg6 41. Be7 Nd2 42. Kg3 1/2-1/2

[Event "V Memorial Alvise Zichichi"]
[Site "Ladispoli ITA"]
[Date "2008.05.03"]
[Round "6"]
[White "Mariani, Francesca"]
[Black "Dicorato, Michele"]
[Result "1-0"]
[WhiteElo "1266"]
[BlackElo "1398"]
[PlyCount "33"]
[EventDate "2008.05.01"]

1. e4 e5 2. Nf3 Nc6 3. Bc4 Nf6 4. d3 Be7 5. O-O O-O 6. c3 d5 7. exd5 Nxd5 8.
Qe2 Qd6 9. Re1 Bf6 10. Nbd2 Bf5 11. Nf1 Bg6 12. Ng3 Rae8 13. Bd2 Re7 14. Bg5 h6
15. Bxf6 Nxf6 16. Nh4 Qd7 17. Nxg6 1-0

[Event "V Memorial Alvise Zichichi"]
[Site "Ladispoli ITA"]
[Date "2008.05.03"]
[Round "6"]
[White "Masciolini, Giovanni"]
[Black "Migliozzi, Giuseppe"]
[Result "1/2-1/2"]
[WhiteElo "1685"]
[BlackElo "1407"]
[PlyCount "70"]
[EventDate "2008.05.01"]

1. c4 c5 2. Nc3 Nc6 3. g3 Nf6 4. Bg2 g6 5. Nf3 Bg7 6. O-O O-O 7. d3 d6 8. a3
Re8 9. Rb1 b6 10. Nd4 Nxd4 11. Bxa8 Bh3 12. Bg2 Bxg2 13. Kxg2 Qa8+ 14. Kg1 e5
15. Bg5 Nd7 16. Nd5 Qb7 17. Be3 Nf5 18. b4 Nxe3 19. fxe3 f5 20. bxc5 dxc5 21.
a4 Nf6 22. Nxf6+ Bxf6 23. a5 Bg5 24. Qd2 Rd8 25. axb6 axb6 26. Rb3 e4 27. Rfb1
Rd6 28. Kf2 h5 29. Qa2 h4 30. d4 hxg3+ 31. hxg3 Qh7 32. Ke1 Rxd4 33. exd4 Qh1+
34. Kf2 Qh2+ 35. Kf1 Qh1+ 1/2-1/2

[Event "V Memorial Alvise Zichichi"]
[Site "Ladispoli ITA"]
[Date "2008.05.03"]
[Round "6"]
[White "Mecali, Antonello"]
[Black "Leonardo, Corrado"]
[Result "1-0"]
[WhiteElo "1858"]
[BlackElo "1404"]
[PlyCount "85"]
[EventDate "2008.05.01"]

1. c4 Nf6 2. Nc3 e6 3. Nf3 Bb4 4. a3 Bxc3 5. dxc3 h6 6. g3 d6 7. Bg2 O-O 8. O-O
e5 9. Qc2 Bg4 10. Rd1 Nbd7 11. Be3 Bxf3 12. Bxf3 Re8 13. Bxb7 Rb8 14. Bc6 Ng4
15. Bxa7 Qf6 16. f3 Rbd8 17. fxg4 Re6 18. Rf1 Qg6 19. Qxg6 Rxg6 20. Bf3 Re8 21.
e4 Rf6 22. h4 c5 23. g5 hxg5 24. hxg5 Rg6 25. Bh5 Nf8 26. Bxg6 Nxg6 27. Bb6 Rb8
28. Bc7 Rxb2 29. Bxd6 Rd2 30. Bxc5 Rd3 31. Kg2 Rxc3 32. Rfc1 Rd3 33. Rd1 Rb3
34. Rd8+ Kh7 35. Rh1+ Nh4+ 36. Rxh4+ Kg6 37. a4 Rb2+ 38. Kh3 Rc2 39. Rd6+ f6
40. gxf6 gxf6 41. Rg4+ Kf7 42. Rd7+ Ke6 43. Re7# 1-0

[Event "V Memorial Alvise Zichichi"]
[Site "Ladispoli ITA"]
[Date "2008.05.03"]
[Round "6"]
[White "Parrini, Daniele"]
[Black "Maggi, Fabrizio"]
[Result "1-0"]
[WhiteElo "2054"]
[BlackElo "2003"]
[PlyCount "81"]
[EventDate "2008.05.01"]

1. e4 e6 2. d4 d5 3. Nc3 Bb4 4. e5 c5 5. a3 Bxc3+ 6. bxc3 Ne7 7. Qg4 Qc7 8.
Qxg7 Rg8 9. Qxh7 cxd4 10. Ne2 Nbc6 11. f4 Bd7 12. Qd3 dxc3 13. Rg1 O-O-O 14. g4
d4 15. h4 Ng6 16. Qg3 Nce7 17. Qf2 Qb6 18. Rg3 Nd5 19. Bh3 f6 20. exf6 Nxf6 21.
Qg2 e5 22. fxe5 Nxe5 23. Bg5 Rge8 24. Bxf6 Qxf6 25. g5 Qb6 26. g6 Qb2 27. Rd1
Bxh3 28. Qxh3+ Kb8 29. Qh2 Ka8 30. g7 Nc6 31. Qg2 Qa2 32. h5 Qg8 33. h6 Ne7 34.
Rb1 Nc6 35. Rb5 a6 36. Rbg5 Ne7 37. Qe4 d3 38. Rxd3 Rxd3 39. Qxd3 Rd8 40. h7
Rxd3 41. hxg8=Q+ 1-0

[Event "V Memorial Alvise Zichichi"]
[Site "Ladispoli ITA"]
[Date "2008.05.03"]
[Round "6"]
[White "Proia, Gaetano"]
[Black "Galdelli, Fabiano"]
[Result "1/2-1/2"]
[WhiteElo "2026"]
[BlackElo "1978"]
[PlyCount "21"]
[EventDate "2008.05.01"]

1. e4 c5 2. Nf3 d6 3. d4 cxd4 4. Nxd4 Nf6 5. Nc3 Nc6 6. f3 a6 7. Be3 Bd7 8. Qd2
Rc8 9. g4 Nxd4 10. Bxd4 e5 11. Be3 1/2-1/2

[Event "V Memorial Alvise Zichichi"]
[Site "Ladispoli ITA"]
[Date "2008.05.03"]
[Round "6"]
[White "Trebeschi, Andrea"]
[Black "Marta, Daniele"]
[Result "1-0"]
[WhiteElo "2068"]
[BlackElo "2028"]
[PlyCount "91"]
[EventDate "2008.05.01"]

1. e4 e6 2. Qe2 c5 3. Nf3 Nc6 4. g3 Be7 5. Bg2 Nf6 6. O-O O-O 7. d3 d5 8. e5
Nd7 9. h4 f6 10. exf6 Nxf6 11. Bh3 e5 12. Bxc8 Qxc8 13. Nxe5 Nxe5 14. Qxe5 Qh3
15. Bf4 Rad8 16. Qe2 Rde8 17. Qf3 Kh8 18. Nc3 d4 19. Nb5 Ng4 20. Qg2 Qxg2+ 21.
Kxg2 a6 22. Nc7 Rc8 23. Ne6 Rf6 24. Rae1 Bf8 25. Bg5 Rf7 26. f3 Nf6 27. Nxf8
Rcxf8 28. Bxf6 Rxf6 29. Re5 b6 30. f4 h6 31. Rfe1 Kh7 32. h5 R8f7 33. Re6 b5
34. Rxf6 Rxf6 35. Re5 Rc6 36. Kf3 Kg8 37. Ke4 Kf7 38. g4 a5 39. g5 hxg5 40.
fxg5 a4 41. g6+ Kf8 42. Rf5+ Kg8 43. Kd5 Rc8 44. Rf7 b4 45. Ra7 c4 46. Rxa4 1-0

[Event "V Memorial Alvise Zichichi"]
[Site "Ladispoli ITA"]
[Date "2008.05.04"]
[Round "7"]
[White "Attanasi, Salvatore"]
[Black "Mariani, Francesca"]
[Result "1-0"]
[WhiteElo "1802"]
[BlackElo "1266"]
[PlyCount "77"]
[EventDate "2008.05.01"]

1. e4 d5 2. exd5 Nf6 3. d4 e6 4. dxe6 Bxe6 5. Nf3 Be7 6. Be2 O-O 7. O-O Na6 8.
c4 c6 9. Nc3 Nc7 10. Be3 Qd7 11. Ne5 Qd8 12. f4 Bf5 13. Bd3 Bxd3 14. Qxd3 Re8
15. Rae1 b6 16. Nxc6 Qd7 17. Nxe7+ Rxe7 18. Bd2 Rxe1 19. Rxe1 Ne6 20. d5 Re8
21. Qf3 Nc5 22. Rxe8+ Qxe8 23. Qe3 Qxe3+ 24. Bxe3 Nfe4 25. Nxe4 Nxe4 26. Kf1
Kf8 27. Ke2 Ke7 28. Kd3 f5 29. b4 Kd6 30. a4 h6 31. a5 bxa5 32. bxa5 a6 33. Ba7
g6 34. Kd4 g5 35. c5+ Kd7 36. fxg5 hxg5 37. Ke5 Nc3 38. c6+ Kc7 39. Bb6+ 1-0

[Event "V Memorial Alvise Zichichi"]
[Site "Ladispoli ITA"]
[Date "2008.05.04"]
[Round "7"]
[White "Colantonio, Marco"]
[Black "Mecali, Antonello"]
[Result "0-1"]
[WhiteElo "1731"]
[BlackElo "1858"]
[PlyCount "82"]
[EventDate "2008.05.01"]

1. e4 c5 2. c3 Nc6 3. d4 d5 4. exd5 Qxd5 5. Nf3 Bf5 6. Na3 O-O-O 7. Bc4 Qe4+ 8.
Qe2 Qxe2+ 9. Bxe2 cxd4 10. cxd4 Nxd4 11. Nxd4 Rxd4 12. Be3 Rd6 13. O-O a6 14.
Nc4 Re6 15. Rac1 Kb8 16. Rfd1 Rc6 17. Rd8+ Rc8 18. Rxc8+ Bxc8 19. Nb6 Be6 20.
Rd1 Nf6 21. Rd8+ Kc7 22. Rd1 Bd7 23. Rc1+ Bc6 24. a4 e5 25. Na8+ Kb8 26. Nb6
Nd5 27. Nxd5 Bxd5 28. Rd1 Bc6 29. Bb6 Be7 30. a5 f5 31. Rc1 g6 32. Bxa6 bxa6
33. Rxc6 Rc8 34. Rxc8+ Kxc8 35. f3 Kb7 36. Kf2 Kc6 37. Ke3 Bc5+ 38. Bxc5 Kxc5
39. g4 Kb5 40. gxf5 gxf5 41. f4 e4 0-1

[Event "V Memorial Alvise Zichichi"]
[Site "Ladispoli ITA"]
[Date "2008.05.04"]
[Round "7"]
[White "Dragojlovic, Andjelko"]
[Black "Caprio, Guido"]
[Result "1-0"]
[WhiteElo "2409"]
[BlackElo "2140"]
[PlyCount "117"]
[EventDate "2008.05.01"]

1. Nf3 g6 2. e4 c5 3. d4 cxd4 4. Qxd4 Nf6 5. Nc3 Nc6 6. Qa4 d6 7. e5 Ng4 8.
exd6 Qb6 9. Nd1 Bg7 10. h3 Bd7 11. Qb5 Nb4 12. Qxb6 axb6 13. Bd3 Nf6 14. dxe7
Nfd5 15. Bd2 Nxd3+ 16. cxd3 Bb5 17. Ke2 Kxe7 18. Nc3 Bc6 19. Nxd5+ Bxd5 20. Bc3
Bxc3 21. bxc3 Ra3 22. c4 Bxf3+ 23. gxf3 Kd6 24. Rhb1 Kc6 25. Rb3 Rha8 26. Rxa3
Rxa3 27. Ke3 Kc5 28. f4 Kd6 29. Rb1 Kc6 30. Rb2 Ra5 31. Kf3 Ra3 32. Rd2 Kc5 33.
Ke4 Kd6 34. f5 f6 35. fxg6 hxg6 36. f4 f5+ 37. Kd4 b5 38. cxb5 Ra4+ 39. Ke3 Ke6
40. Rb2 Kf6 41. h4 Ke6 42. b6 Kf6 43. Kf3 Ke6 44. h5 gxh5 45. Rh2 Kf6 46. Rxh5
Kg6 47. Rh2 Rb4 48. Ke3 Ra4 49. Rh8 Rb4 50. Ra8 Kf6 51. Ra5 Ke6 52. a4 Rxb6 53.
Re5+ Kf6 54. Rb5 Rxb5 55. axb5 b6 56. Kf3 Ke6 57. Kg3 Kd5 58. Kh4 Kc5 59. Kg5
1-0

[Event "V Memorial Alvise Zichichi"]
[Site "Ladispoli ITA"]
[Date "2008.05.04"]
[Round "7"]
[White "Elia, Alessio"]
[Black "Quimi, Marco"]
[Result "0-1"]
[WhiteElo "1860"]
[BlackElo "2253"]
[PlyCount "68"]
[EventDate "2008.05.01"]

1. d4 Nf6 2. Nf3 d5 3. Bg5 Bf5 4. e3 e6 5. Bd3 Nbd7 6. O-O c6 7. c3 Be7 8. Bxf5
exf5 9. Qc2 Ne4 10. Bxe7 Qxe7 11. Nbd2 g5 12. g3 h5 13. Rfe1 h4 14. Nf1 O-O-O
15. c4 Nb6 16. Ne5 g4 17. a3 Rh6 18. b4 f6 19. c5 fxe5 20. cxb6 axb6 21. a4 f4
22. exf4 exf4 23. a5 hxg3 24. fxg3 Qf6 25. Qb2 f3 26. Re3 f2+ 27. Kg2 Rdh8 28.
h4 Rxh4 29. gxh4 Qxh4 30. Rxe4 Qh3+ 31. Kxf2 dxe4 32. Qe2 g3+ 33. Ke1 g2 34. a6
gxf1=Q+ 0-1